00219nam a22000977a 4500020001500000082001500015100001400030245003000044260003900074300000800113 a8171337058 a581.87 GUP aGupta P K aElements of Biotechnology aMeerutbRastogi publicationsc2004 a602